[Event "Pawns"]
[Site "?"]
[Date "2000.01.31"]
[Round "?"]
[White "Logan, H"]
[Black "Weisner, T"]
[Result "1-0"]
[WhiteElo "1227"]
[BlackElo "1127"]
[PlyCount "83"]
[EventDate "2000.??.??"]

1. c4 Nf6 2. Nc3 g6 3. g3 d6 4. Bg2 Bg7 5. Nf3 Nbd7 6. O-O c5 7. d3 O-O 8. d4
cxd4 9. Nxd4 a6 10. Be3 Ng4 11. Bc1 Rb8 12. Bf3 Nde5 13. Bg2 Nxc4 14. f3 Nge3
15. Qe1 Nxf1 16. Qxf1 Bxd4+ 17. Kh1 Ne3 18. Qf2 Nc2 19. e3 Nxa1 20. exd4 Qb6
21. Nd5 Qa7 22. Bh6 Re8 23. b3 Be6 24. Nc7 Rec8 25. Nxe6 Rc1+ 26. Bf1 fxe6 27.
Bxc1 Rc8 28. Qb2 Nc2 29. Bc4 Kf7 30. Qxc2 Qxd4 31. Bb2 Qc5 32. Kg2 Qf5 33. Qc3
Qb1 34. Qg7+ Ke8 35. Qh8+ Kd7 36. Qd4 Qc2+ 37. Kh3 Qf5+ 38. Kh4 Qf6+ 39. Qxf6
exf6 40. Bxf6 Rf8 41. Bd4 Rxf3 42. Kg5 1-0

[Event "Kings-UOP"]
[Site "?"]
[Date "1999.11.18"]
[Round "?"]
[White "Melnikov, I"]
[Black "Stevanovic, M"]
[Result "0-1"]
[WhiteElo "2004"]
[BlackElo "2211"]
[PlyCount "60"]
[EventDate "1999.??.??"]

1. d4 f5 2. c4 Nf6 3. Nc3 g6 4. g3 Bg7 5. Bg2 d6 6. Nf3 O-O 7. O-O Qe8 8. Bg5
e5 9. dxe5 dxe5 10. Nd5 Nxd5 11. Qxd5+ Kh8 12. e4 c6 13. Qa5 h6 14. Be3 Na6 15.
b4 b6 16. Qa3 Qe7 17. Rab1 Bb7 18. Nh4 Kh7 19. c5 f4 20. Bd2 Nc7 21. Nf3 g5 22.
gxf4 exf4 23. h3 h5 24. h4 gxh4 25. Bh3 Bc8 26. Bxc8 Raxc8 27. Qxa7 Kh8 28.
cxb6 Qxe4 29. Nxh4 f3 30. bxc7 Qg4+ 0-1

[Event "UOP-Kings"]
[Site "?"]
[Date "2000.11.18"]
[Round "?"]
[White "Buerger, E"]
[Black "Wallach, C"]
[Result "1/2-1/2"]
[WhiteElo "2034"]
[BlackElo "1987"]
[PlyCount "82"]
[EventDate "2000.??.??"]

1. d4 Nf6 2. c4 g6 3. Nc3 Bg7 4. e4 d6 5. f3 O-O 6. Be3 Nc6 7. Qd2 e5 8. d5 Nd4
9. Nge2 c5 10. dxc6 bxc6 11. Nxd4 exd4 12. Bxd4 d5 13. cxd5 cxd5 14. Nxd5 Nxd5
15. Bxg7 Kxg7 16. Qxd5 Qb6 17. Qb3 Qd6 18. Rd1 Qf4 19. g3 Qg5 20. Bc4 Bh3 21.
Kf2 Qc5+ 22. Ke2 Bg2 23. Rd5 Qc6 24. Rhd1 Rab8 25. Qc3+ Kg8 26. b3 Qe6 27. Rh5
Qe7 28. Rh4 Rfd8 29. Rxd8+ Rxd8 30. Kf2 Bh1 31. Bd5 Rd7 32. Qc1 Rc7 33. Bc4 Qf6
34. Rf4 Qd4+ 35. Qe3 Qb2+ 36. Qe2 Qd4+ 37. Kf1 Qa1+ 38. Kf2 Qd4+ 39. Ke1 Rd7
40. Bd5 Rc7 41. Bc4 Rd7 1/2-1/2

[Event "Kings-UOP"]
[Site "?"]
[Date "2000.11.18"]
[Round "?"]
[White "Piparia, J"]
[Black "Lechnick, J"]
[Result "1-0"]
[WhiteElo "1839"]
[BlackElo "1783"]
[PlyCount "62"]
[EventDate "2000.??.??"]

1. e4 e6 2. Nf3 d5 3. exd5 exd5 4. d4 Nf6 5. Bd3 Bg4 6. O-O Be7 7. Nbd2 O-O 8.
c3 c6 9. Qc2 Nbd7 10. Ne5 Bh5 11. f4 c5 12. Ndf3 c4 13. Nxd7 Qxd7 14. Bf5 Bg6
15. Bxg6 fxg6 16. Ne5 Qf5 17. Qe2 Bd6 18. g4 Qe6 19. f5 gxf5 20. gxf5 Qe8 21.
Bf4 Rd8 22. b3 b5 23. bxc4 bxc4 24. Rab1 Bxe5 25. Bxe5 Ne4 26. Qg4 Qd7 27. Rb2
Nf6 28. Qh4 Rf7 29. Rg2 Rdf8 30. Kh1 Qe7 31. Rfg1 Kh8 1-0

[Event "UOP-Kings"]
[Site "?"]
[Date "2000.11.18"]
[Round "?"]
[White "Boldingh, E"]
[Black "Goncharoff, N"]
[Result "1-0"]
[WhiteElo "1838"]
[BlackElo "1705"]
[PlyCount "91"]
[EventDate "2000.??.??"]

1. e4 c5 2. d4 cxd4 3. c3 dxc3 4. Nxc3 Nc6 5. Nf3 d6 6. Bc4 e6 7. O-O Be7 8.
Qe2 a6 9. Rd1 Qc7 10. Bf4 e5 11. Nd5 Qb8 12. Be3 b5 13. Bb3 Nf6 14. Bg5 Nxd5
15. Bxd5 Bxg5 16. Nxg5 O-O 17. Bxc6 Ra7 18. Rd3 h6 19. Nf3 Be6 20. Bd5 Re7 21.
Rad1 Kh8 22. Bxe6 Rxe6 23. Qd2 f5 24. exf5 Rxf5 25. Rxd6 Rxd6 26. Qxd6 Qxd6 27.
Rxd6 a5 28. Rd5 Rf4 29. Nxe5 Rb4 30. Nd3 Rc4 31. Kf1 b4 32. Rxa5 Rd4 33. Ke2
Re4+ 34. Kd2 Rd4 35. Rb5 Rh4 36. h3 Rd4 37. Rxb4 Rd8 38. h4 Kh7 39. Rb7 Rd4 40.
g3 Ra4 41. a3 Rd4 42. b4 Rd6 43. Rc7 Ra6 44. Rc3 Ra4 45. b5 Rd4 46. b6 1-0

[Event "Tyros-Fermi"]
[Site "?"]
[Date "2000.01.17"]
[Round "?"]
[White "Buchner, B"]
[Black "Speigel, L"]
[Result "0-1"]
[WhiteElo "2010"]
[BlackElo "2023"]
[PlyCount "33"]
[EventDate "2000.??.??"]

1. e4 e6 2. d4 d5 3. Nd2 Nf6 4. e5 Nfd7 5. Bd3 c5 6. c3 Nc6 7. Ne2 Qb6 8. Nf3
cxd4 9. cxd4 f6 10. Nf4 fxe5 11. Nxe6 e4 12. Nfg5 Nf6 13. Be2 h6 14. Bh5+ Ke7
15. Nf7 Rg8 16. Nxf8 Rxf8 17. Ne5 0-1

[Event "Fermi-Tyros"]
[Site "?"]
[Date "2000.01.17"]
[Round "?"]
[White "Staples, C"]
[Black "Stinson, M"]
[Result "0-1"]
[WhiteElo "1461"]
[BlackElo "1969"]
[PlyCount "94"]
[EventDate "2000.??.??"]

1. c4 c5 2. g3 Nc6 3. Bg2 g6 4. Nc3 Bg7 5. e3 e5 6. Nge2 Nge7 7. O-O 7... O-O {
} 8. a3 Rb8 9. Rb1 a6 10. b4 cxb4 11. axb4 b5 12. c5 { } 12... d5 13. d4 (13.
cxd6 13... Qxd6 {and pressure against Queenside is trouble for White} 14. Qb3
Be6 15. Qb2 (15. Qa3 a5) 15... f5 {and Nc8-b6-c4 would be nice, but possible?})
13... e4 14. f3 { } 14... exf3 (14... f5 {is a natural move} 15. fxe4 fxe4 16.
Rxf8+ Qxf8 17. Nf4) 15. Bxf3 Be6 (15... Bf5 16. e4 16... dxe4 {
uncovers d4 weakness}) 16. Bd2 Qd7 17. Nf4 { If White can arrange his pieces,
a6 could become weak. So maybe, Nd3, Ra1, etc.} 17... Rbe8 18. Qb3 Rd8 19. Qa2
(19. Ra1 Ra8 (19... Qb7 20. Bxd5)) 19... Ra8 { } 20. Nfxd5 {The wrong Knight!}
(20. Ncxd5 Nxd5 21. Bxd5 21... Nxd4 $2 22. exd4 22... Bxd4+ {
Black can't disrupt d5 protection as in game.}) 20... Nxd5 21. Bxd5 Nxd4 22.
exd4 Bxd4+ 23. Kh1 { } 23... Bxc3 24. Bxe6 Qxd2 25. Bxf7+ 25... Kh8 { } 26. Qe6
{since Bxb4?? allows Qf6#} (26. Qb3 {trying to tie Queen to Bc3 defense} 26...
Ra7 27. Rbd1 (27. Bxg6 $2 {doesn't quite work} 27... Rxf1+ 28. Rxf1 hxg6 29.
Rf8+ Kg7 30. Qg8+ (30. Rg8+ Kh7) 30... Kh6) (27. Rf3 Bg7 28. Rbf1) (27. Bd5
Rxf1+ 28. Rxf1 {White needs both Rooks- one to defend and one to attack}) (27.
Rbc1 $2 27... Raxf7 $1) 27... Qe3 28. Bd5 Rxf1+ 29. Rxf1) (26. Qxd2 26... Bxd2
{Queens are needed to sustain an attack} 27. Bd5 Rxf1+ 28. Rxf1 28... Rd8 { }
29. Bb7 (29. c6 $2 29... Bxb4 30. c7 Rc8 31. Rf7 Ba5) 29... Bxb4 30. c6 { }
30... Ba5 (30... a5 31. c7 {and queens}) 31. Rc1 Bc7 32. Bxa6) 26... Qd4 { }
27. c6 {too many pieces around to make this work} (27. Rf4 Qg7 28. Rd1) 27...
Rac8 28. Rfd1 Qf2 29. Rd7 Qf3+ 30. Kg1 { } 30... Rxc6 31. Qe7 $2 (31. Qd5 Qxd5
(31... Bd4+ 32. Qxd4+) 32. Bxd5 Rcf6) 31... Rxf7 $1 32. Qxf7 { } 32... Bd4+ $1
33. Rxd4 33... Qxf7 {and Black won in another 12 moves} 34. Rbd1 Rc7 35. Rf4
Qe7 36. Rdf1 Kg7 37. g4 Rc2 38. R1f3 Qa7+ 39. Kf1 Qd7 40. Kg1 Qd1+ 41. Rf1 Qd2
42. R4f2 Qd4 43. h3 Rxf2 44. Rxf2 Qxb4 45. Kg2 Qe4+ 46. Kf1 b4 47. Rb2 b3 0-1

[Event "Excaliburs-UOP"]
[Site "?"]
[Date "2000.02.03"]
[Round "?"]
[White "Andresen, T"]
[Black "Buerger, E"]
[Result "0-1"]
[WhiteElo "1820"]
[BlackElo "2034"]
[PlyCount "66"]
[EventDate "2000.??.??"]

1. e4 c5 2. c4 g6 3. Nc3 Bg7 4. d3 d6 5. g3 f5 6. Bg2 Nc6 7. Nge2 Nf6 8. O-O
O-O 9. Rb1 Ng4 10. h3 Nge5 11. f4 Nf7 12. Be3 Bd7 13. Qd2 Qc8 14. Kh2 b6 15. a3
Rb8 16. b4 Nfd8 17. b5 Nd4 18. Nd5 Rf7 19. Rfc1 N8e6 20. exf5 Nxf5 21. Bg1 Ned4
22. a4 e5 23. Ndc3 Kh8 24. Ne4 Qf8 25. Nxd4 Nxd4 26. Rf1 exf4 27. Ng5 fxg3+ 28.
Kh1 Rf5 29. Rxf5 Nxf5 30. Bd5 h6 31. Nf7+ Kh7 32. Qf4 Be8 33. Rf1 Bxf7 0-1

[Event "UOP-Excaliburs"]
[Site "?"]
[Date "2000.02.03"]
[Round "?"]
[White "Sajbel, P"]
[Black "Weitz, R"]
[Result "1-0"]
[WhiteElo "1899"]
[BlackElo "1636"]
[PlyCount "115"]
[EventDate "2000.??.??"]

1. e4 c5 2. f4 d6 3. Nf3 Nc6 4. d4 cxd4 5. Nxd4 Nf6 6. Nc3 g6 7. Be2 Bg7 8. Be3
a6 9. Nxc6 bxc6 10. O-O O-O 11. Qd2 Re8 12. Rad1 Qc7 13. f5 Bd7 14. Bh6 Bh8 15.
fxg6 hxg6 16. Rf4 Be6 17. Rh4 d5 18. b3 Nxe4 19. Nxe4 dxe4 20. Rxe4 Rad8 21.
Qg5 Rxd1+ 22. Bxd1 Rd8 23. Be2 Bf6 24. Qe3 c5 25. Qf2 Bd4 26. Be3 Bxe3 27. Qxe3
Qd6 28. Bd3 Qd5 29. Ra4 Rd6 30. h3 Bd7 31. Rc4 Re6 32. Rxc5 Rxe3 33. Rxd5 Bb5
34. Bxb5 axb5 35. Rxb5 Rc3 36. a4 Rxc2 37. a5 Ra2 38. b4 Ra4 39. Rb6 e5 40. a6
e4 41. Kf2 Ra3 42. b5 Kg7 43. Rb7 Kf6 44. a7 Ke6 45. b6 f5 46. Rb8 Ra2+ 47. Kg1
Ra1+ 48. Kh2 e3 49. Re8+ Kd7 50. a8=Q Rxa8 51. Rxa8 e2 52. Ra1 Kc6 53. Re1 Kxb6
54. Rxe2 Kc5 55. h4 Kd5 56. Kg3 Kd4 57. Kf4 Kd3 58. Re6 1-0

[Event "Excaliburs-UOP"]
[Site "?"]
[Date "2000.02.03"]
[Round "?"]
[White "Burian, D"]
[Black "Boldingh, E"]
[Result "0-1"]
[WhiteElo "1568"]
[BlackElo "1838"]
[PlyCount "30"]
[EventDate "2000.??.??"]

1. e4 d5 2. exd5 Nf6 3. Nf3 Bg4 4. h3 Bh5 5. d4 Qxd5 6. Nc3 Qa5 7. Bc4 Nc6 8.
O-O e6 9. a3 O-O-O 10. Be3 Qf5 11. Bd3 Bxf3 12. Bxf5 Bxd1 13. Bxe6+ fxe6 14.
Raxd1 a6 15. f4 Nd5 0-1

[Event "UOP-Excaliburs"]
[Site "?"]
[Date "2000.02.03"]
[Round "?"]
[White "Lechnick, J"]
[Black "Suerth, F"]
[Result "1-0"]
[WhiteElo "1783"]
[BlackElo "1578"]
[PlyCount "49"]
[EventDate "2000.??.??"]

1. e4 c5 2. Nf3 d6 3. d4 Nc6 4. d5 Na5 5. Be2 Nf6 6. Nbd2 e6 7. c4 g6 8. O-O
Bg7 9. Rb1 exd5 10. exd5 b5 11. b4 Nxc4 12. Bxc4 bxc4 13. Re1+ Kf8 14. Nxc4 Rb8
15. Bf4 Kg8 16. Bxd6 Rxb4 17. Rxb4 cxb4 18. Bxb4 h6 19. d6 Be6 20. Qd3 Nd7 21.
a3 Kh7 22. Nd4 Bxc4 23. Qxc4 Re8 24. Bc3 f6 25. Ne6 1-0

[Event "UOP"]
[Site "?"]
[Date "2000.02.03"]
[Round "?"]
[White "Van Zile, C"]
[Black "Schoonover, M"]
[Result "0-1"]
[WhiteElo "1341"]
[BlackElo "1312"]
[PlyCount "55"]
[EventDate "2000.??.??"]

1. e4 c6 2. Nc3 d5 3. exd5 cxd5 4. d4 Nf6 5. Nf3 a6 6. Bd3 Bg4 7. h3 Bxf3 8.
Qxf3 Nc6 9. Be3 e5 10. dxe5 Nxe5 11. Qe2 Be7 12. Bd4 Nc6 13. Bxf6 gxf6 14.
O-O-O Qa5 15. a3 O-O-O 16. Qg4+ Kb8 17. Qf4+ Ka7 18. Qa4 Qxa4 19. Nxa4 d4 20.
b4 b5 21. Nc5 Bxc5 22. bxc5 Rhe8 23. Bxh7 Re5 24. Rhe1 Rxc5 25. Re4 d3 26. Rxd3
Rxd3 27. Re7+ Nxe7 28. Bxd3 0-1

[Event "Knights-Northrop"]
[Site "?"]
[Date "2000.02.10"]
[Round "?"]
[White "Fridman, Y"]
[Black "Minin, S"]
[Result "1-0"]
[WhiteElo "1931"]
[BlackElo "2160"]
[PlyCount "71"]
[EventDate "2000.??.??"]

1. e4 c5 2. Nf3 a6 3. d4 cxd4 4. Nxd4 e5 5. Nf5 d5 6. Ng3 d4 7. Bc4 Nf6 8. Bg5
Be7 9. Nd2 O-O 10. O-O Nc6 11. a4 Na5 12. Ba2 Bd7 13. Nc4 Rc8 14. Nxe5 h6 15.
Bxf6 Bxf6 16. Qh5 Bxe5 17. Qxe5 Nc6 18. Qh5 Nb4 19. Bb3 Nxc2 20. Rad1 Qb6 21.
Rd3 Rc5 22. Qd1 Rfc8 23. Ne2 Bg4 24. Qd2 Qb4 25. Bxf7+ Kxf7 26. Qf4+ Bf5 27.
exf5 Qxb2 28. f6 Qb6 29. fxg7+ Qf6 30. Qg4 h5 31. Qd7+ Kg8 32. Rf3 Rd8 33. Qxb7
Qe6 34. Nf4 Qc6 35. Qe7 Re8 36. Ne6 1-0

[Event "Northrop-Knights"]
[Site "?"]
[Date "2000.02.10"]
[Round "?"]
[White "Walker, A"]
[Black "Samelson, C"]
[Result "0-1"]
[WhiteElo "1742"]
[BlackElo "1907"]
[PlyCount "66"]
[EventDate "2000.??.??"]

1. e4 e6 2. d4 d5 3. Nd2 Nf6 4. e5 Nfd7 5. f4 c5 6. Ngf3 Nc6 7. c3 Be7 8. dxc5
Bxc5 9. Nb3 Bb6 10. Nbd4 Nc5 11. Be3 a6 12. Qc2 Qc7 13. b4 Ne4 14. Rc1 Bd7 15.
Bd3 Rc8 16. Bxe4 dxe4 17. Qxe4 Nxd4 18. Nxd4 Bc6 19. Nxc6 Bxe3 20. Qxe3 Qxc6
21. Kf2 O-O 22. Rhd1 Rfd8 23. Rd4 Qa4 24. Rxd8+ Rxd8 25. Qe2 a5 26. Qc2 Qb5 27.
Rd1 Qb6+ 28. Kg3 Qe3+ 29. Kg4 h5+ 30. Kxh5 Rxd1 31. Qxd1 Qxf4 32. Qg4 Qxh2+ 33.
Qh3 Qf4 0-1

[Event "Knights-Northrop"]
[Site "?"]
[Date "2000.02.10"]
[Round "?"]
[White "Augsburger, L"]
[Black "Vigants, A"]
[Result "0-1"]
[WhiteElo "1769"]
[BlackElo "1610"]
[PlyCount "58"]
[EventDate "2000.??.??"]

1. e4 c5 2. d4 cxd4 3. c3 dxc3 4. Nxc3 d6 5. Bc4 Nf6 6. Nf3 g6 7. O-O Bg7 8.
Qe2 8... O-O { } 9. Rd1 Qc7 10. Nb5 Qc6 11. Bf4 { } 11... Qxe4 $5 12. Qxe4 Nxe4
13. Nc7 Bxb2 14. Rab1 (14. Nxa8 Bxa1 15. Rxa1 Na6 (15... Nc6 16. Nc7) 16. Bxa6
bxa6 17. Nc7 {White is better} 17... Bb7 { } (17... e6 18. Rb1 $1 {
with idea Rb8}) 18. Rb1 $1 {the Knight escapes} 18... Rb8 19. Nxa6 $1) 14...
Nc3 15. Rxb2 15... Nxd1 { } 16. Rb3 {
with idea Be2, winning Knight, but Black won't allow it!} (16. Rc2 $2 16... Bf5
) (16. Rd2 Nc3 17. Bh6 Rd8 18. Ne5 $1 { } 18... e6 (18... Be6 $2 19. Nxe6 fxe6
20. Bxe6+ Kh8 21. Nf7+ Kg8 22. Nxd8+ Kh8) 19. Nxa8 (19. Nxe6 $2 19... Re8))
16... Nc6 17. Nxa8 Na5 18. Rb4 Bf5 19. Nc7 { } 19... Rc8 20. Be2 (20. Nd5 Rxc4
(20... Nxc4 $4 21. Nxe7+ Kf8 22. Nxc8 Bxc8 23. Rxc4) 21. Rxc4 (21. Rb5 $1 { }
21... Nc6 (21... b6 22. Nxe7+ Kf8 23. Nxf5 Rxf4 24. Nxd6) (21... e6 22. Rxa5 (
22. Ne7+ Kf8 (22... Kg7 23. Nxf5+ gxf5 24. Bxd6) 23. Bxd6) 22... exd5 23. Rxa7
{and Black's Pawns are a mess}) 22. Rxb7) 21... Nxc4 22. Nxe7+ 22... Kf8 { }
23. Nc8 (23. Nxf5 gxf5 24. Nd4 24... Nc3 {allows Black connected passers})
23... Nc3 24. Nxa7 Nxa2 25. Nb5) 20... Nc3 21. Bf1 {
This Bishop isn't doing anything, proving analysis of 20. Nd5 better idea}
21... Rxc7 22. Nd4 22... Nd5 { } 23. Ra4 ({No better is} 23. Nb5 23... Nxb4 24.
Nxc7 Nxa2) 23... b6 24. Bd2 24... Nc3 { } 25. Rb4 (25. Ra3 Nb1 (25... Nc4 $2
26. Bxc4 Rxc4 27. Bxc3)) 25... Nxa2 26. Rb2 Nc3 27. Rb4 Rc5 28. f3 Bd7 29. Be3
29... Nd5 {A solid upset by Black!} 0-1

[Event "Northrop-Knights"]
[Site "?"]
[Date "2000.02.10"]
[Round "?"]
[White "Chorosinski, L"]
[Black "Thomson, J"]
[Result "0-1"]
[WhiteElo "1268"]
[BlackElo "1617"]
[PlyCount "50"]
[EventDate "2000.??.??"]

1. e4 c5 2. Nf3 d6 3. c3 Nf6 4. e5 dxe5 5. Nxe5 a6 6. Bc4 e6 7. d4 b5 8. Be2
Bb7 9. O-O Bd6 10. f4 Nbd7 11. Be3 Nd5 12. Qd2 Nxe3 13. Qxe3 cxd4 14. Qxd4 Bc5
15. Qf2 Bxf2+ 16. Rxf2 Nxe5 17. fxe5 Qb6 18. Nd2 Rd8 19. Nf3 Bxf3 20. Bxf3 Rd2
21. Raf1 O-O 22. Bh5 g6 23. Kh1 Rxf2 24. Rxf2 Qxf2 25. h3 gxh5 0-1

[Event "Knights-Northrop"]
[Site "?"]
[Date "2000.02.10"]
[Round "?"]
[White "Cygan, J"]
[Black "Elek, G"]
[Result "1-0"]
[WhiteElo "1573"]
[BlackElo "1088"]
[PlyCount "29"]
[EventDate "2000.??.??"]

1. e4 e5 2. f4 d5 3. exd5 exf4 4. Nf3 Qxd5 5. Nc3 Qd8 6. Bc4 Nc6 7. O-O b6 8.
d3 g5 9. Re1+ Be7 10. Nxg5 h6 11. Qh5 Qd4+ 12. Kh1 Ne5 13. Nxf7 Nxf7 14. Qxf7+
Kd7 15. Bxf4 1-0

[Event "UOP-Exemplars"]
[Site "?"]
[Date "2000.02.24"]
[Round "?"]
[White "Stevanovic, M"]
[Black "Benesa, A"]
[Result "1-0"]
[WhiteElo "2211"]
[BlackElo "2318"]
[PlyCount "53"]
[EventDate "2000.??.??"]

1. Nc3 d5 2. e4 dxe4 3. Nxe4 g6 4. Bc4 Bg7 5. Nf3 Nf6 6. Nxf6+ Bxf6 7. d4 O-O
8. Bh6 Re8 9. O-O Nc6 10. c3 { } 10... Na5 11. Bb5 c6 12. Bd3 Be6 13. b4 Nc4
14. Qe2 { } 14... Nd6 (14... b5 {allows} 15. a4 {
opening lines for White's Rooks against Pa7}) 15. Ne5 Nf5 16. Bd2 Bg7 17. f4
17... a5 { } 18. b5 Bd7 19. bxc6 Bxc6 20. Bxf5 Bxe5 21. fxe5 gxf5 22. Rxf5 { }
22... Kh8 {hoping to use g-file to attack} (22... Qd5 23. Bh6 (23. Qg4+ $2
23... Kh8 24. Bh6 24... Rg8 {gives Black what he wants}) 23... Kh8 24. Raf1 Rg8
) 23. Rxf7 Rf8 (23... Rg8 $4 { } 24. Rxh7+ $1 24... Kxh7 25. Qh5+ Kg7 26. Bh6+
Kh8 27. Bf8#) 24. Raf1 Rxf7 25. Rxf7 Qd5 26. Qf2 Re8 (26... Rg8 {
still allows mate}) 27. Rf8+ {and White won} 1-0

[Event "Exemplars-UOP"]
[Site "?"]
[Date "2000.02.24"]
[Round "?"]
[White "Inumerable, F"]
[Black "Buerger, E"]
[Result "*"]
[WhiteElo "2289"]
[BlackElo "2043"]
[PlyCount "85"]
[EventDate "2000.??.??"]

1. d4 Nf6 2. Nf3 g6 3. g3 Bg7 4. Bg2 O-O 5. c4 c5 6. O-O d6 7. Nc3 Nc6 8. d5
Nb4 9. a3 Na6 10. h3 Nc7 11. e4 Bd7 12. Qd3 Rb8 13. a4 b6 14. Re1 a6 15. e5
Nfe8 16. Bf4 b5 17. axb5 axb5 18. b3 bxc4 19. bxc4 Qc8 20. Kh2 Rb2 21. Re2 Rxe2
22. Qxe2 h6 23. Bd2 Na6 24. Re1 Nb4 25. g4 dxe5 26. Nxe5 Bxe5+ 27. Qxe5 Nd3 28.
Qxe7 Nxe1 29. Qxe1 Ng7 30. Bxh6 Re8 31. Ne4 Qb8+ 32. f4 Qb2 33. Bg5 f5 34. Qh4
Rxe4 35. Bf6 Qd2 36. Be5 Rxe5 37. fxe5 Qf4+ 38. Kh1 Qxe5 39. Qd8+ Be8 40. d6
fxg4 41. hxg4 Qe1+ 42. Kh2 Qh4+ 43. Qxh4 {White flagged} *

[Event "UOP-Exemplars"]
[Site "?"]
[Date "2000.02.24"]
[Round "?"]
[White "Sajbel, P"]
[Black "Gazmen, B"]
[Result "1/2-1/2"]
[WhiteElo "1899"]
[BlackElo "2104"]
[PlyCount "68"]
[EventDate "2000.??.??"]

1. c4 g6 2. Nc3 Bg7 3. g3 Nc6 4. Bg2 b6 5. e4 Bb7 6. Nge2 Nd4 7. d3 { } 7... e6
8. O-O h5 9. Be3 Nxe2+ 10. Qxe2 { } 10... c5 11. f4 Ne7 12. Rad1 12... d5 { }
13. exd5 exd5 14. cxd5 O-O 15. d4 { } 15... Nf5 16. dxc5 $1 {
White purposely offers sac to get connected center passers} 16... Re8 (16...
bxc5 17. Bxc5 Re8) 17. Be4 Nxe3 18. Qxe3 18... f5 { } 19. c6 Ba6 (19... Bxc6 $2
20. dxc6 Qe7 21. Rd7 Qf8 (21... Qe6 $4 22. Bd5) (21... Qb4 22. Bd5+) 22. Bd5+ {
saves the extra piece}) 20. Rfe1 Bxc3 21. Qxc3 fxe4 22. d6 { } 22... Bd3 23. d7
Rf8 24. Rxd3 $1 {With the center Pawns splitting Black's forces and Ra8
cornered, White's forces are deadly} 24... exd3 25. Qxd3 Kg7 (25... Qf6 26. c7
Kg7 (26... Qxb2 $2 27. d8=Q Raxd8 28. cxd8=Q Rxd8 29. Qxd8+ Kg7 30. Qe7+ Kh8
31. Qf8+ Kh7 32. Re7+ Qg7 33. Qxg7#)) 26. Re6 Rf5 27. Re8 $2 (27. Qd6 $1 {
two killer threats: c7 and Rxg6+} 27... Rc5 28. Rxg6+ Kh7 (28... Kf7 29. Qe6+
Kf8 30. Rg8#) 29. Rh6+ Kg7 30. Qg6+ Kf8 31. Rh8+ Ke7 32. Rh7+ Kf8 33. Qg7#)
27... Qxe8 28. dxe8=Q Rxe8 29. Qd7+ Kf8 30. c7 Rc5 31. Qd6+ Kf7 32. Qd7+ Kf8
33. Qd6+ Kf7 34. Qd7+ Kf8 1/2-1/2

[Event "UOP-Exemplars"]
[Site "?"]
[Date "2000.02.24"]
[Round "?"]
[White "Boldingh, E"]
[Black "Sollano, E"]
[Result "1-0"]
[WhiteElo "1838"]
[BlackElo "1965"]
[PlyCount "55"]
[EventDate "2000.??.??"]

1. e4 c5 2. d4 cxd4 3. c3 Nf6 4. e5 Nd5 5. cxd4 Qc7 6. Na3 a6 7. Bd2 Nc6 8. Rc1
b5 9. Nf3 e6 10. Nc2 Be7 11. Ne3 Nxe3 12. fxe3 Qa7 13. Bd3 Bb7 14. O-O O-O 15.
Qe1 Rac8 16. Qf2 f5 17. h4 Nb4 18. Bxb4 Bxb4 19. Rxc8 Rxc8 20. g4 f4 21. Ng5 h6
22. Qxf4 Kh8 23. Nf7+ Kg8 24. Nxh6+ Kh8 25. Nf7+ Kg8 26. Ng5 Kh8 27. Qf7 Bf3
28. Rxf3 1-0

[Event "UOP"]
[Site "?"]
[Date "2000.02.24"]
[Round "?"]
[White "Schoonover, M"]
[Black "Lechnick, J"]
[Result "0-1"]
[WhiteElo "1312"]
[BlackElo "1783"]
[PlyCount "38"]
[EventDate "2000.??.??"]

1. d4 Nf6 2. Nf3 g6 3. Bg5 Bg7 4. Nbd2 d5 5. e3 Bf5 6. c4 c6 7. cxd5 cxd5 8.
Qb3 O-O 9. Qxb7 Nbd7 10. Qb3 Qc7 11. Bxf6 Nxf6 12. Ne5 Rab8 13. Qa3 Ne4 14.
Ndf3 Bxe5 15. Nxe5 Qc2 16. Nf3 Qxf2+ 17. Kd1 Rxb2 18. Qa5 Qxe3 19. Rc1 Nf2# 0-1

[Event "Columbia-Aces"]
[Site "?"]
[Date "2000.02.10"]
[Round "?"]
[White "Santiago, T"]
[Black "Czerniecki, K"]
[Result "0-1"]
[WhiteElo "2136"]
[BlackElo "1977"]
[PlyCount "79"]
[EventDate "2000.??.??"]

1. f4 g6 2. Nf3 Bg7 3. e4 d6 4. d4 Bg4 5. Be2 Nc6 6. c3 {
Warning: broad Pawn centers are easily broken up!} 6... e5 7. d5 Nce7 8. O-O { 
} 8... Nf6 (8... exf4 9. Bxf4 9... Nf6 {and White's center is under attack}) 9.
Ng5 {Not only a waste of time, but trades a Bishop which has a nice future for
one that's useless and in the way.} 9... Bxe2 10. Qxe2 O-O 11. fxe5 dxe5 12. c4
{ } 12... Qd6 13. Nc3 a6 14. Be3 b6 15. a3 15... h6 { } 16. Nh3 {White wants
to keep f-file open, but both of his Knights are totally out of play.} (16. Nf3
Nd7 17. Nh4 (17. Qd2 17... Nc5 {idea Nb3}) (17. b4 f5 18. exf5 gxf5 19. Qd2 f4)
(17. g4 $5 {with b4 and Qd2 coming}) 17... f5 18. exf5 18... gxf5 { } 19. Qh5 {
Black still has the initiative} 19... Nf6) 16... Nd7 { } 17. Rf2 (17. g4 $5 {
keeps Black from building the center duo.}) 17... f5 18. g3 Nf6 19. exf5 19...
gxf5 { White needs to prepare reply to Ng4. His light-squared Bishop sure
would be helpful.} 20. Raf1 (20. Qd2 Kh7 21. Rd1 {prepares d6 if Queen moves} (
{or maybe} 21. b4 {preparing eventual c5})) 20... Qd7 {
moves Queen off dark squares, anticipating e4, etc.} 21. Kg2 Ng4 22. Rf3 e4 23.
Rf4 Ng6 24. Qd2 24... N6e5 { Quite a lot of progress in five moves!} 25. Ne2
Nxc4 26. Qc1 Ncxe3+ 27. Kg1 Nxf1 28. Rxf1 28... Qxd5 { } 29. Nhf4 (29. Qxc7
Bd4+ 30. Nxd4 (30. Kh1 e3+ 31. Kg1 Rac8) 30... Qxd4+ 31. Kh1 Rac8 32. Qf4 Rc2)
29... Qf7 30. Qc6 Ne5 31. Qc2 c5 32. Rd1 32... Rad8 { } 33. Kg2 Nf3 34. Qa4 Nd4
35. b3 { } 35... e3 36. h4 Rfe8 37. h5 Nxe2 38. Nxe2 { } 38... Qb7+ 39. Kh2 Qf3
40. Nc1 {A nice upset for Black!} 0-1

[Event "Aces-Columbia"]
[Site "?"]
[Date "2000.02.10"]
[Round "?"]
[White "Frank, M"]
[Black "Rogers, N"]
[Result "0-1"]
[WhiteElo "1829"]
[BlackElo "1924"]
[PlyCount "60"]
[EventDate "2000.??.??"]

1. e4 d6 2. d4 Nf6 3. Nc3 g6 4. f4 Bg7 5. Nf3 O-O 6. Be2 c5 7. Be3 Ng4 8. Qd2
Nxe3 9. Qxe3 cxd4 10. Nxd4 Qb6 11. e5 Nc6 12. O-O-O dxe5 13. Nd5 Qc5 14. Nxc6
Qxe3+ 15. Nxe3 bxc6 16. g3 exf4 17. gxf4 Bh6 18. Rhf1 e5 19. Ng2 Bh3 20. Bf3
Bxf4+ 21. Nxf4 Bxf1 22. Rxf1 exf4 23. Bxc6 Rac8 24. Be4 Rc4 25. Bd3 Rd4 26. h4
f6 27. Rg1 f3 28. h5 g5 29. h6 f2 30. Rg3 Rxd3 0-1

[Event "Columbia-Aces"]
[Site "?"]
[Date "2000.02.10"]
[Round "?"]
[White "Groeger, A"]
[Black "Franek, M"]
[Result "1-0"]
[WhiteElo "1725"]
[BlackElo "1796"]
[PlyCount "62"]
[EventDate "2000.??.??"]

1. d4 Nf6 2. c4 g6 3. Nc3 d5 4. cxd5 Nxd5 5. e4 Nxc3 6. bxc3 Bg7 7. Nf3 c5 8.
Rb1 Nc6 9. d5 Bxc3+ 10. Bd2 Bxd2+ 11. Qxd2 Nd4 12. Nxd4 cxd4 13. Qxd4 Qa5+ 14.
Qd2 Qxd2+ 15. Kxd2 b6 16. Bb5+ Bd7 17. Rhc1 Bxb5 18. Rxb5 Kd7 19. f4 Rhc8 20.
Rbb1 e6 21. dxe6+ Kxe6 22. Rxc8 Rxc8 23. Rb3 Rc5 24. Rc3 Ra5 25. a3 b5 26. Ke3
Ra4 27. g4 b4 28. axb4 Rxb4 29. Rc6+ Kd7 30. Ra6 Rb3+ 31. Kd4 31... Rb7 {
In time trouble, the only scoresheet was unuseable. White won move 51} 1-0